Phantom of the Opera Quiz - Statistics

General Stats
  • This quiz has been taken 1,157 times
  • The average score is 9 of 16
Answer Stats
Hint Answer % Correct
The Phantom's love interest Christine
97%
The Phantom's love rival Raoul
82%
Animal on the Phantom's music box Monkey
77%
The Phantom's real name Erik
75%
Owner of the opera house #2 (Film) Gilles André
75%
Composer of the musical version Andrew Lloyd Webber
67%
The opera house's prima donna Carlotta
65%
The musical sequel Love Never Dies
62%
The opera written by the Phantom Don Juan Triumphant
59%
Phantom in the 2004 feature film Gerard Butler
59%
The country of birth of the above Sweden
45%
The Phantom's signature weapon Punjab Lasso
43%
Author of the original novel Gaston Leroux
38%
Owner of the opera house #1 (Film) Richard Firmin
37%
The above's title Vicomte de Chagny
31%
The name of the opera house Opera Populaire
30%
No matching quizzes found
Score Distribution
Percent of People with Each Score
Percentile by Number Answered
Your Score History
You have not taken this quiz